Normal view
MARC view
- MS-COMPUTER ENGINEERING-2020
Entry Topical Term
001 - CONTROL NUMBER
- control field: 113227
003 - CONTROL NUMBER IDENTIFIER
- control field: NUST
005 - DATE AND TIME OF LATEST TRANSACTION
- control field: 20230622112623.0
008 - FIXED-LENGTH DATA ELEMENTS
- fixed length control field: 230622|| aca||aabn | a|a d
040 ## - CATALOGING SOURCE
- Original cataloging agency: NUST
- Transcribing agency: NUST
150 ## - HEADING--TOPICAL TERM
- Topical term or geographic name entry element: MS-COMPUTER ENGINEERING-2020
670 ## - SOURCE DATA FOUND
- Source citation: Work cat.: (NUST): Mehr Dua, 113226, TH-SOF-2156-Person Detection in Thermal Images using Deep Neural Networks, 2023.
